Представление документа в формате RUSMARC

ПолеНазваниеЗначение
  Тип записи a
  Библиографический уровень m
001 Контрольный номер RU/IS/BASE/439558806
005 Дата корректировки 20201206204902.4
010 Индекс ISBN __
a ISBN 978-5-7379-0486-9
d Цена 220-60
101 Язык документа 0_
a Язык текста rus
200 Заглавие и сведения об ответственности 1_
a Заглавие Музыкальный компромисс
e Сведения, относящиеся к заглавию советы певцам и концертмейстерам оперы
f Первые сведения об ответственности Алина Ротенберг
b Общее обозначение материала Текст
210 Выходные данные __
a Место издания Санкт-Петербург
c Издательство Композитор. Санкт-Петербург
d Дата издания 2011
215 Физическое описание __
a Объем 148, [1] с.
c Иллюстрации/тип воспроизводства ноты, портр., факс.
d Формат 21 см
300 Общие примечания __
a Общие примечания Прил.: Упражнения Н. И. Голубовской
330 Аннотация __
a Аннотация Книга, написанная оперным концертмейстером. Издание содержит большое количество профессиональных советов и смело может считаться практическим пособием, как для коллег автора, так и для солистов, которые найдут в ней много полезного для самостоятельной работы. Конечно, в первую очередь издание адресовано молодым пианистам, решившим посвятить себя работе в оперном театре.
606 Тематические рубрики __
a Основная рубрика Музыка и зрелищные искусства
606 Тематические рубрики __
a Основная рубрика Теория музыки
606 Тематические рубрики __
a Основная рубрика Вокальная музыка
610 Ключевые слова __
a Ключевые слова концертмейстеры; концертмейстерство; оперные певцы; оперные концертмейстеры; солисты; вокальный образ; фортепианные переложения; сольное пение; исполнительство; музыкальная выразительность; музыкальные упражнения; рецепты здоровья
686 Индексы других классификаций __
a Классификационный индекс 85.310,71
686 Индексы других классификаций __
a Классификационный индекс 85.314-7р
700 Автор _1
a Фамилия Ротенберг
b Имя А. М.
g Полное личное имя Алина Михайловна
4 Код отношения 070
702 Вторичная интеллектуальная ответственность _1
a Фамилия Голубовская
b Имя Н. И.
4 Код отношения Автор
4 Код отношения 070
801 Источник записи _0
a Страна RU
b Организация Муниципальное бюджетное учреждение культуры "Централизованная библиотечная система" г. Сургут (Центральная городская библиотека им. А. С. Пушкина)
g Правила каталогизации КиК/Апакова
801 Источник записи _1
a Страна RU
b Организация Муниципальное бюджетное учреждение культуры "Централизованная библиотечная система" г. Сургут (Центральная городская библиотека им. А. С. Пушкина)
g Правила каталогизации КиК/Апакова
852 Данные о местонахождении __
j Шифр хранения 85.310,71
i Авторский знак Р 79
901 Тип документа __
t Тип документа m
903 Характеристики (МАРС) __
a Дата передачи 20131205
990 Данные о заказе (DOS) __
j Количество экземпляров (DOS) 1
t N записи в КСУ для И/У (DOS) 201311